000 00533nam a2200205Ia 4500
008 191119s9999 xx 000 0 und d
020 _a978-1-78657-175-5
050 _aREF DS 520.9
050 _b.S68 2018
245 0 _aSoutheast Asia on a shoestring /
250 _a19th Edition
260 _aSingapore :
260 _bLonely Planet,
260 _c2018
300 _a988 pages :
300 _billustrations (some colored) ;
300 _c20 cm.
500 _aIncludes index.
650 _aSoutheast Asia -- Guidebooks.
999 _c363130
_d363130